000 00678nam a2200241Ia 4500
003 OSt
005 20220918220839.0
006 a|||||r|||| 00| 0
007 ta
008 220917b |||||||| |||| 00| 0 eng d
024 _a147,248
037 _cTextual
040 _aARTS
_cARTS
_beng
041 _2eng
_aeng
082 _aY31:7:7.2.N82<-N52, M7
100 _aJyoti Kumar
_9138418
245 0 _aIntegrated rural development
_b Perspectives and prospects 1952-1982
260 _aDelhi
_bMittal
_c1987
300 _ax, 229p.
_ccm.
650 _aSOCIOLOGY
942 _hY31:7:7.2.N82<-N52, M7
_cTEXL
_2CC
999 _c270002
_d270002